Study guide to accompany Craven and Hirnle's fundamentals of nursing : (Record no. 5207)

MARC details
000 -LEADER
fixed length control field 00726nam a22002057a 4500
003 - CONTROL NUMBER IDENTIFIER
control field OSt
005 - DATE AND TIME OF LATEST TRANSACTION
control field 20251028025547.0
008 - FIXED-LENGTH DATA ELEMENTS--GENERAL INFORMATION
fixed length control field 251028b |||||||| |||| 00| 0 eng d
020 ## - INTERNATIONAL STANDARD BOOK NUMBER
International Standard Book Number 0-7817-7476-4.
040 ## - CATALOGING SOURCE
Original cataloging agency DWCL-Main lib
Transcribing agency OC
082 ## - DEWEY DECIMAL CLASSIFICATION NUMBER
Classification number Circ. 610.73 J65s 2007
100 ## - MAIN ENTRY--PERSONAL NAME
Personal name Johnson, Joyce Young
245 ## - TITLE STATEMENT
Title Study guide to accompany Craven and Hirnle's fundamentals of nursing :
Remainder of title human health and function 5th ed.
Statement of responsibility, etc. Johnson, Joyce Young
260 ## - PUBLICATION, DISTRIBUTION, ETC.
Place of publication, distribution, etc. Philadelphia :
Name of publisher, distributor, etc. Lippincott Williams & Wilkins,
Date of publication, distribution, etc. c2007.
300 ## - PHYSICAL DESCRIPTION
Extent viii, 260 pages :
Other physical details illustration ;
Dimensions 28 cm.
650 ## - SUBJECT ADDED ENTRY--TOPICAL TERM
Source of heading or term 1. Nursing-Problems.
700 ## - ADDED ENTRY--PERSONAL NAME
Personal name Vaughans, Benita W.
700 ## - ADDED ENTRY--PERSONAL NAME
Personal name Prather-Hicks, Phyllis
942 ## - ADDED ENTRY ELEMENTS (KOHA)
Source of classification or shelving scheme Dewey Decimal Classification
Koha item type Book Circulation
Edition 5th ed.
Call number prefix Circ.
Suppress in OPAC No
952 ## - LOCATION AND ITEM INFORMATION (KOHA)
--
Holdings
Withdrawn status Lost status Source of classification or shelving scheme Damaged status Not for loan Home library Current library Shelving location Date acquired Source of acquisition Total Checkouts Full call number Barcode Date last seen Copy number Price effective from Koha item type Uniform Resource Identifier
    Dewey Decimal Classification     College Library HM & Nursing Library Circulation 09/29/2008 School Fund   Circ. 610.73 J65s 2007 46298 10/28/2025 c1 10/28/2025 BK-CIRC